Orientacions estratègiques de cooperació al desenvolupament : Suport tècnic adreçat a l'Ajuntament de Montgat / Suport tècnic adreçat a l'Ajuntament de Montgat /
MARC
| LEADER | 00000nam a22000007a 4500 | ||
|---|---|---|---|
| 001 | 28456 | ||
| 003 | AGDB | ||
| 005 | 20260324181523.0 | ||
| 008 | 240325b spa||||| |||| 00| 0 cat d | ||
| 040 | |a agdb |b cat | ||
| 100 | |a López Amat, Montserrat |9 70619 |e autora | ||
| 245 | |a Orientacions estratègiques de cooperació al desenvolupament : |b Suport tècnic adreçat a l'Ajuntament de Montgat / |c Autora: Montserrat López Amat ; coordinació tècnica: Luci Rodrigo ; coordinació general: Lali Carrillo ; col·labora: Sara Garrido | ||
| 250 | |a Juliol de 2023 | ||
| 260 | |a Barcelona : |b Diputació de Barcelona ; |c 2023 | ||
| 300 | |a 48 pàg. ; |c 30 cm. | ||
| 504 | |a Conté bibliografia (pàg. 43-48). | ||
| 650 | 0 | |a Vida comunitària |z Montgat (Catalunya) |9 70615 | |
| 650 | 0 | |a Cooperativisme |z Montgat (Catalunya) |9 70617 | |
| 655 | 0 | |a Manuals, vademècums, etc. |9 52956 | |
| 655 | 0 | |a Fulletons |9 55858 | |
| 700 | |a Rodrigo Peiró, Luci |9 52566 |e coordinació tècnica | ||
| 700 | |a Carrillo, Lali |9 52567 |e coordinació general | ||
| 700 | |a Garrido, Sara |9 70620 |e col·laboradora | ||
| 710 | |a Montgat (Catalunya). |b Ajuntament |9 55398 | ||
| 710 | |a Barcelona (Catalunya : Província). |b Oficina de Cooperació al Desenvolupament |9 52265 | ||
| 710 | |a Barcelona (Catalunya : Província). |b Direcció de Relacions Internacionals |9 51072 | ||
| 942 | |c ARXIU |n 1 | ||
| 952 | |0 0 |1 0 |4 0 |6 FU776 |7 1 |9 96888 |a Arxiu |b Arxiu |d 2024-03-25 |l 0 |o FU-77-6 |p 28456 |r 2024-03-25 00:00:00 |w 2024-03-25 |y ARXIU | ||
| 999 | |c 128732 |d 128732 | ||